Moore's Clinically Oriented Anatomy (Record no. 1717)
[ view plain ]
| 000 -LEADER | |
|---|---|
| Fixed length control field | 00847nam a2200253Ia 4500 |
| 003 - CONTROL NUMBER IDENTIFIER | |
| Control field | IIN |
| 005 - DATE AND TIME OF LATEST TRANSACTION | |
| Control field | 20250328124506.0 |
| 008 - FIXED-LENGTH DATA ELEMENTS--GENERAL INFORMATION | |
| Fixed length control field | 250328s9999 xx ad 001 0 eng d |
| 020 ## - INTERNATIONAL STANDARD BOOK NUMBER / ISBN | |
| Price | Rs.3999.00 |
| International Standard Book Number | 9789393553430 |
| 040 ## - CATALOGING SOURCE | |
| Original cataloging agency | IIN |
| Language of cataloging | English |
| 082 ## - DEWEY DECIMAL CLASSIFICATION NUMBER | |
| Classification number | 611 |
| Book Number | MOO |
| 100 1# - MAIN ENTRY--PERSONAL NAME | |
| Personal name | Moore, Keith L |
| 245 1# - TITLE STATEMENT | |
| Title | Moore's Clinically Oriented Anatomy |
| Statement of responsibility | Keith L, Moore/ edited by S. Aruna and N. Isai Vani |
| 250 ## - EDITION STATEMENT | |
| Edition statement | 2nd ed. |
| Remainder of edition statement | South Asian Edition |
| 260 ## - IMPRINT | |
| Name of publisher | Wolters Kluwer |
| Place of publication | New Delhi |
| Date of publication | 2023 |
| 300 ## - PHYSICAL DESCRIPTION | |
| Page / Vol. No | xxvi, 877-1158 p. / V.3 |
| Other physical details | col. ill. |
| 500 ## - GENERAL NOTE | |
| General note | Includes Index |
| 505 ## - CONTENTS NOTE | |
| Contents note | Vol. 3 Contains Three Section<br/>Section 1: Head<br/>Section 2: Neck<br/>Section 3: Summary of Cranial Nerves |
| 650 1# - SUBJECT ADDED ENTRY--TOPICAL TERM | |
| Topical term | Anatomy |
| Form subdivision | Clinically Oriented |
| 700 1# - ADDED ENTRY--PERSONAL NAME | |
| Personal name | Aruna, S (ed.) |
| 700 1# - ADDED ENTRY--PERSONAL NAME | |
| Personal name | Vani, N. Isai (ed.) |
| 856 ## - ELECTRONIC LOCATION AND ACCESS | |
| Uniform Resource Identifier | www.lwwindia.co.in |
| 942 ## - ADDED ENTRY ELEMENTS (KOHA) | |
| Koha item type | Books |
| Withdrawn status | Lost status | Source of classification | Damaged status | Not for loan | Collection code | Home library | Current library | Shelving location | Date acquired | Price | Total Checkouts | Call number | Accession number | Date last seen | Price effective from | Koha item type |
|---|---|---|---|---|---|---|---|---|---|---|---|---|---|---|---|---|
| Dewey Decimal Classification | Purches Book(set price) | IDEAL INSTITUTE OF NURSING | IDEAL INSTITUTE OF NURSING | General Stacks | 11/03/2025 | 3999.00 | 611 MOO | 1832 | 28/03/2025 | 28/03/2025 | Books |
